|
|
|
|
| LEADER |
00000cam a2200000 7i4500 |
| 001 |
0000001254 |
| 005 |
20140330.0 |
| 020 |
0 |
0 |
|a 9251011672
|
| 090 |
0 |
0 |
|a FAO338.456349
|b WOR 1982
|
| 245 |
0 |
0 |
|a WORLD forest products demand and supply 1990 and 2000
|
| 260 |
0 |
0 |
|a Rome :
|b Food and Agricu;ture Organization of the United Nations ,
|c 1982
|
| 300 |
|
|
|a xx, 346 p. :
|b tables ;
|c 30 cm.
|
| 440 |
0 |
0 |
|a FAO forestry paper; v. 29
|
| 650 |
0 |
0 |
|a Forest products
|x Economic aspects
|
| 710 |
1 |
1 |
|a Food and Agriculture Organization of the United Nations (FAO)
|
| 998 |
|
|
|a JPSM
|
| 999 |
|
|
|a 0000002158
|b Monograph
|c Food and Agriculture Organization
|e Default branch
|